Strategic Management: Confrontation to Transformation (Record no. 43606)
[ view plain ]
| 000 -LEADER | |
|---|---|
| fixed length control field | 02101nam a22003615i 4500 |
| 001 - CONTROL NUMBER | |
| control field | 22985303 |
| 005 - DATE AND TIME OF LATEST TRANSACTION | |
| control field | 20250407125625.0 |
| 008 - FIXED-LENGTH DATA ELEMENTS--GENERAL INFORMATION | |
| fixed length control field | 230223s2023 cau 000 0 eng |
| 010 ## - LIBRARY OF CONGRESS CONTROL NUMBER | |
| LC control number | 2023933271 |
| 020 ## - INTERNATIONAL STANDARD BOOK NUMBER | |
| International Standard Book Number | 9781529770575 |
| 020 ## - INTERNATIONAL STANDARD BOOK NUMBER | |
| International Standard Book Number | 9781529770582 |
| 041 ## - LANGUAGE CODE | |
| Language code of text/sound track or separate title | eng |
| 042 ## - AUTHENTICATION CODE | |
| Authentication code | pcc |
| 082 ## - DEWEY DECIMAL CLASSIFICATION NUMBER | |
| Classification number | 658.4012 VOL |
| 100 1# - MAIN ENTRY--PERSONAL NAME | |
| Author | Volberda, Henk W, |
| 245 10 - TITLE STATEMENT | |
| Title | Strategic Management: Confrontation to Transformation |
| 260 ## - PUBLICATION, DISTRIBUTION, ETC. | |
| Place | New Delhi |
| Publisher | Sage Publication |
| Publication Year | 2024 |
| 300 ## - PHYSICAL DESCRIPTION | |
| Extent | 623;. pages: 24 cm |
| 520 ## - SUMMARY, ETC. | |
| Summary, etc. | "Change challenges leaders, managers and strategists, and demands that they confront their new realities. This book offers a fresh, reader-friendly, challenging and provocative perspective on strategic management, detailing the 'confront-sense-choose-transform' process stages, which begins with confronting business challenges and addressing several strategy tensions between theory and practice. In the continued quest for temporary advantage organizations need strategic capabilities to sense, choose and transform. The clear process stage model of strategic management and an action-oriented why-how structure help students and practitioners of strategy - from first year undergraduates to Executive MBA - to confront the new 'now' - fast, iterative and innovative. With each chapter dedicated to up-to-date theories of strategic management and specific practices from businesses around the world, illustrations and sets of activities that trigger the senses with rich supporting materials, this book will help grow readers' knowledge and experience of developing and implementing strategy in the real world"-- |
| 650 ## - SUBJECT ADDED ENTRY--TOPICAL TERM | |
| Subject | General Management; Strategic Management |
| 700 1# - ADDED ENTRY--PERSONAL NAME | |
| Co-Author | Hollen, Rick, |
| 700 1# - ADDED ENTRY--PERSONAL NAME | |
| Co-Author | Pereira, Joana, |
| 700 1# - ADDED ENTRY--PERSONAL NAME | |
| Co-Author | |
| 700 1# - ADDED ENTRY--PERSONAL NAME | |
| Co-Author | |
| 942 ## - ADDED ENTRY ELEMENTS (KOHA) | |
| Koha item type | Books |
| 263 ## - PROJECTED PUBLICATION DATE | |
| Projected publication date | 2311 |
| 264 #1 - PRODUCTION, PUBLICATION, DISTRIBUTION, MANUFACTURE, AND COPYRIGHT NOTICE | |
| Place of production, publication, distribution, manufacture | Thousand Oaks : |
| Name of producer, publisher, distributor, manufacturer | SAGE Publications Ltd, |
| Date of production, publication, distribution, manufacture, or copyright notice | 2023. |
| 336 ## - CONTENT TYPE | |
| Content type term | text |
| Content type code | txt |
| Source | rdacontent |
| 337 ## - MEDIA TYPE | |
| Media type term | unmediated |
| Media type code | n |
| Source | rdamedia |
| 338 ## - CARRIER TYPE | |
| Carrier type term | volume |
| Carrier type code | nc |
| Source | rdacarrier |
| 906 ## - LOCAL DATA ELEMENT F, LDF (RLIN) | |
| a | 0 |
| b | ibc |
| c | orignew |
| d | 2 |
| e | epcn |
| f | 20 |
| g | y-gencatlg |
| Withdrawn status | Lost status | Source of classification or shelving scheme | Damaged status | Not for loan | Home library | Current library | Shelving location | Accession Date | Vendor | Price | Bill number | Total Checkouts | Full call number | Barcode No | Date last seen | Discount | Bill Date | Koha item type | Suggested By |
|---|---|---|---|---|---|---|---|---|---|---|---|---|---|---|---|---|---|---|---|
| Dewey Decimal Classification | IMTN | IMTN | Rack 27-B | 03/27/2025 | Raghav Books Private Limited | 6120.39 | 2374 | 658.4012 VOL | 33856 | 04/07/2025 | 33 | 02/14/2025 | Books | Dr. Mantha Raghu (Head Librarian) |